000 nam a22 7a 4500
999 _c8116
_d8116
008 171128b xxu||||| |||| 00| 0 eng d
020 _a9781742860626
100 _aSumich Kelly
_94558
245 _aCoaching Children
260 _aAustralia
_bACER
_c2013